000 00974nam a2200265Ia 4500
003 OSt
005 20221005110654.0
006 a|||||r|||| 00| 0
007 ta
008 221004b |||||||| |||| 00| 0 hin d
020 _a9788126714056 (hbk)
_c395
024 _a23252
037 _b214, 16/11/2015, Eastern Book Linkers
_cTextual
040 _aCRL
_cCRL
_bhin
041 _2hin
_ahin
082 _aNW44wN24, 152P7
100 _aअग्रवाल, प्रहलाद
245 0 _aआधी हकीकत आधा फसाना
246 _aĀdhī hakīkat ādhā fasānā
260 _aनई दिल्ली
_bराजकमल प्रकाशन भारत
_c2007
300 _a263पृ0
_ccm.
650 _aल्थ्ल्त् क्ल्ज्ञ
942 _hNW44wN24, 152P7
_cTEXL
_2cc
999 _c1019543
_d1019543